000 00867nam a22002417a 4500
005 20140310183632.0
008 131120b xxu||||| |||| 00| 0 eng d
020 _a9781606490358
050 _aHF 5415.A2
_b.C998 2010
100 _aCzinkota, Michael R.
245 _aEmerging trends, threats and opportunities in International marketing :
_bwhat executives need to know /
_cMichael R Czinkota, Ilkka A Ronkainen, Masaaki Kotabe.
260 _a[New York, N.Y.] (222 East 46th Street, New York, NY 10017) :
_bBusiness Expert Press,
_c2009.
300 _axxi, 378 p.
504 _aIncludes Index.
521 _aBSBA
650 _aExport marketing.
650 _aBUSINESS & ECONOMICS / International / Marketing.
650 _aGlobalization.
700 _aRonkainen, Ilkka A.
700 _aKotabe, Masaaki.
942 _2lcc
_cBK
_kFOR
999 _c25627
_d25627